Integración del análisis financiero y la gestión de riesgos para el crecimiento empresarial de las pymes en Cartagena : (Registro nro. 49066)

Detalles MARC
000 -LEADER
fixed length control field 02493nam a2200277 i 4500
005 - DATE AND TIME OF LATEST TRANSACTION
control field 20250626211118.0
007 - PHYSICAL DESCRIPTION FIXED FIELD--GENERAL INFORMATION
fixed length control field ta
008 - FIXED-LENGTH DATA ELEMENTS--GENERAL INFORMATION
fixed length control field 200622s2025 000 0 eng d
040 ## - CATALOGING SOURCE
Original cataloging agency CO-CtgCURN
Language of cataloging spa
Transcribing agency coctgcurn
Description conventions rda
082 0# - DEWEY DECIMAL CLASSIFICATION NUMBER
Classification number COP 2025
Item number S572
100 1# - MAIN ENTRY--PERSONAL NAME
Personal name Sierra Moncada, Camilo Andres,
Relator term author.
Relationship aut
245 10 - TITLE STATEMENT
Title Integración del análisis financiero y la gestión de riesgos para el crecimiento empresarial de las pymes en Cartagena :
Remainder of title sector comercial /
Statement of responsibility, etc. Camilo Andres Sierra Moncada; Laury Janith Blanco Tellez; Asesor: Hernando Aguirre.
260 ## - PUBLICATION, DISTRIBUTION, ETC.
Place of publication, distribution, etc. Cartagena de Indias :
Name of publisher, distributor, etc. Corporación Universitaria Rafael Núñez,
Date of publication, distribution, etc. 2025.
300 ## - PHYSICAL DESCRIPTION
Extent 72 hojas.
336 ## - CONTENT TYPE
Content type term text
Content type code txt
Source rdacontent
337 ## - MEDIA TYPE
Media type term unmediated
Media type code n
Source rdamedia
338 ## - CARRIER TYPE
Carrier type term volume
Carrier type code nc
Source rdacarrier
502 ## - DISSERTATION NOTE
Dissertation note Trabajo de grado (Contador público). Corporación Universitaria Rafael Núñez. Facultad de Ciencias Administrativas y Contables. Programa de Contaduría Pública, 2025.
520 8# - SUMMARY, ETC.
Summary, etc. "El presente trabajo investigativo se enfoca en analizar la integración del análisis financiero y la gestión de riesgos como fundamento para el crecimiento empresarial de las PYMES en Cartagena del sector comercial. Este enfoque busca abordar los desafíos financieros y operativos que enfrentan estas organizaciones en un entorno económico cada vez más competitivo e incierto.Las pymes representan un pilar fundamental en la economía local, generando empleo y dinamizando el comercio. Sin embargo, muchas de estas empresas carecen de estrategias robustas para gestionar riesgos financieros y optimizar su desempeño económico. Según un estudio reciente, La medición del riesgo financiero permite identificar amenazas y debilidades a tiempo, proporcionando a las pymes herramientas para tomar decisiones informadas y mitigar impactos negativos Prsiga Restrepo, (2021). Este argumento refuerza la necesidad de implementar prácticas slidas que integren análisis financiero y gestión de riesgos como parte esencial de su planificación estratégica."
650 #0 - SUBJECT ADDED ENTRY--TOPICAL TERM
Topical term or geographic name entry element Contaduría pública
General subdivision Tesis y disertaciones académicas.
700 1# - ADDED ENTRY--PERSONAL NAME
Personal name Blanco Tellez, Laury Janith .
700 1# - ADDED ENTRY--PERSONAL NAME
Personal name Aguirre, Hernando,
Relator term asesor.
856 7# - ELECTRONIC LOCATION AND ACCESS
Uniform Resource Identifier <a href="https://unicurn.sharepoint.com/:b:/s/biblioteca/ESZZWd5ra0tAurwPCjHBe5gBhqve9yb1YnbBBrE5BpVFRQ?e=jdhQpF">https://unicurn.sharepoint.com/:b:/s/biblioteca/ESZZWd5ra0tAurwPCjHBe5gBhqve9yb1YnbBBrE5BpVFRQ?e=jdhQpF</a>
Public note Click para ver el recurso en texto completo
942 ## - ADDED ENTRY ELEMENTS (KOHA)
Source of classification or shelving scheme Dewey Decimal Classification
Institution code [OBSOLETE] MHC
-- MHC
Koha item type Trabajos de grado
Classification part COP 2025
Item part S572
Existencias
Withdrawn status Lost status Source of classification or shelving scheme Damaged status Not for loan Collection Home library Current library Shelving location Date acquired Total checkouts Full call number Barcode Date last seen Price effective from Koha item type
    Dewey Decimal Classification     Trabajos de grado Miguel Henríquez Castañeda Miguel Henríquez Castañeda Trabajo de grado 06/26/2025   COP 2025 S572 025576 06/26/2025 06/26/2025 Trabajos de grado